MARC details
| 000 -LEADER |
| fixed length control field |
03268cam a22004818i 4500 |
| 001 - CONTROL NUMBER |
| control field |
BK0016981865 |
| 003 - CONTROL NUMBER IDENTIFIER |
| control field |
DLC |
| 005 - DATE AND TIME OF LATEST TRANSACTION |
| control field |
20241220165111.0 |
| 008 - FIXED-LENGTH DATA ELEMENTS--GENERAL INFORMATION |
| fixed length control field |
151016s2016 nyu 000 1 eng |
| 010 ## - LIBRARY OF CONGRESS CONTROL NUMBER |
| LC control number |
2015040462 |
| 020 ## - INTERNATIONAL STANDARD BOOK NUMBER |
| International Standard Book Number |
9780525954552 : HRD |
| Terms of availability |
$28.00 |
| 020 ## - INTERNATIONAL STANDARD BOOK NUMBER |
| International Standard Book Number |
0525954554 : HRD |
| Terms of availability |
$28.00 |
| 037 ## - SOURCE OF ACQUISITION |
| Source of stock number/acquisition |
Penguin Group USA, Attn: Order Processing 405 Murray Hill Pkwy, East Rutherford, NJ, USA, 07073-2136 |
| Note |
SAN 201-3975 |
| 040 ## - CATALOGING SOURCE |
| Original cataloging agency |
DLC |
| Language of cataloging |
eng |
| Transcribing agency |
DLC |
| Modifying agency |
NjBwBT |
| 050 00 - LIBRARY OF CONGRESS CALL NUMBER |
| Classification number |
PS3558.O333 |
| Item number |
B58 2016 |
| 082 00 - DEWEY DECIMAL CLASSIFICATION NUMBER |
| Classification number |
813/.54 |
| Edition number |
23 |
| 084 ## - OTHER CLASSIFICATION NUMBER |
| Classification number |
FIC022020 |
| 084 ## - OTHER CLASSIFICATION NUMBER |
| Classification number |
FIC030000 |
| Source of number |
bisacsh |
| 092 ## - LOCALLY ASSIGNED DEWEY CALL NUMBER (OCLC) |
| Classification number |
813.5400 |
| 100 1# - MAIN ENTRY--PERSONAL NAME |
| Personal name |
Hoag, Tami, |
| Relator term |
author. |
| 9 (RLIN) |
34167 |
| 245 14 - TITLE STATEMENT |
| Title |
The bitter season / |
| Statement of responsibility, etc |
Tami Hoag. |
| 250 ## - EDITION STATEMENT |
| Edition statement |
First edition. |
| 260 ## - PUBLICATION, DISTRIBUTION, ETC. (IMPRINT) |
| Name of publisher, distributor, etc |
Penguin Group USA |
| Date of publication, distribution, etc |
2016 |
| 263 ## - PROJECTED PUBLICATION DATE |
| Projected publication date |
1601 |
| 264 #1 - Publisher, distributor, etc. |
| Place of production, publication, distribution, manufacture |
New York : |
| Name of producer, publisher, distributor, manufacturer |
Dutton, |
| Date of production, publication, distribution, manufacture, or copyright notice |
2016 |
| 300 ## - PHYSICAL DESCRIPTION |
| Extent |
408 pp |
| 336 ## - CONTENT TYPE |
| Content type term |
text |
| 337 ## - MEDIA TYPE |
| Media type term |
unmediated |
| 338 ## - CARRIER TYPE |
| Carrier type term |
volume |
| 490 0# - SERIES STATEMENT |
| Series statement |
Kovac and Liska |
| 520 ## - SUMMARY, ETC. |
| Summary, etc |
"#1 New York Times bestselling author Tami Hoag returns to the bestselling series of her career with a Kovac and Liska case that will delight fans and new readers alike. A murder from the past. A murder from the present. And a life that was never meant to be... As the dreary, bitter weather of late fall descends on Minneapolis, Detective Nikki Liska is restless. After moving to the cold case squad in order to spend more time with her sons, she misses the rush of pulling an all-nighter, the sense of urgency of hunting a murderer on the loose. Most of all she misses her old partner, Sam Kovac. Sam is having an even harder time adjusting to Nikki's absence, saddled with a green new partner younger than pieces of Sam's wardrobe. Sam is distracted from his troubles by an especially brutal double homicide: a middle-aged husband and wife bludgeoned and hacked to death in their home with a ceremonial Japanese samurai sword. Nikki's case, the unsolved murder of a family man, community leader, and decorated sex crimes detective for the Minneapolis PD, is less of a distraction: Twenty years later, there is little hope for finding the killer who got away. On the other end of the spectrum, Minneapolis resident Evi Burke has a life she only dreamed of as a kid in and out of foster homes: a beautiful home, a family, people who love her, a fulfilling job. Little does she know that a danger from her past is stalking her perfect present. A danger powerful enough to pull in both Kovac and Liska and destroy the perfect life she was never meant to have"-- |
| 650 #0 - SUBJECT ADDED ENTRY--TOPICAL TERM |
| Topical term or geographic name as entry element |
Police |
| Geographic subdivision |
Minnesota |
| -- |
Minneapolis |
| Form subdivision |
Fiction. |
| 9 (RLIN) |
5697795 |
| 650 #0 - SUBJECT ADDED ENTRY--TOPICAL TERM |
| Topical term or geographic name as entry element |
Cold cases (Criminal investigation) |
| Form subdivision |
Fiction. |
| 9 (RLIN) |
5678704 |
| 650 #0 - SUBJECT ADDED ENTRY--TOPICAL TERM |
| Topical term or geographic name as entry element |
Murder |
| General subdivision |
Investigation |
| Form subdivision |
Fiction. |
| 9 (RLIN) |
5673630 |
| 650 #7 - SUBJECT ADDED ENTRY--TOPICAL TERM |
| Topical term or geographic name as entry element |
FICTION / Mystery & Detective / Police Procedural. |
| Source of heading or term |
bisacsh |
| 9 (RLIN) |
5679081 |
| 650 #7 - SUBJECT ADDED ENTRY--TOPICAL TERM |
| Topical term or geographic name as entry element |
FICTION / Suspense. |
| Source of heading or term |
bisacsh |
| 9 (RLIN) |
5675303 |
| 655 #7 - INDEX TERM--GENRE/FORM |
| Genre/form data or focus term |
Mystery fiction. |
| Source of term |
gsafd |
| -- |
102668 |
| 655 #7 - INDEX TERM--GENRE/FORM |
| Genre/form data or focus term |
Suspense fiction. |
| Source of term |
gsafd |
| -- |
102761 |
| 776 08 - ADDITIONAL PHYSICAL FORM ENTRY |
| Display text |
Online version: |
| 776 08 - ADDITIONAL PHYSICAL FORM ENTRY |
| Main entry heading |
Hoag, Tami, author. |
| Title |
Bitter season |
| Edition |
First edition. |
| Place, publisher, and date of publication |
New York : Dutton, [2016] |
| International Standard Book Number |
9780698190832 |
| Record control number |
(DLC) 2015041131 |
| 856 42 - ELECTRONIC LOCATION AND ACCESS |
| Materials specified |
Cover image |
| Uniform Resource Identifier |
<a href="9780525954552.jpg">9780525954552.jpg</a> |
| 942 ## - ADDED ENTRY ELEMENTS (KOHA) |
| Source of classification or shelving scheme |
Dewey Decimal Classification |
| Item type |
BOOK |